000
00218nam a22000857a 4500
008
170203b xxu||||| |||| 00| 0 eng d
100
_9
2767
_a
NCERT
245
_a
Secondary & Higher Secondary
260
_a
New delhi
_b
NCERT
_c
2006
999
_c
5958
_d
5958